| 000 | 00660nam a2200181 a 4500 | ||
|---|---|---|---|
| 001 | 000041326 | ||
| 005 | 20201002034806.0 | ||
| 008 | 130930s2004 sp a 001 0 spa d | ||
| 020 | _a9788447207824 | ||
| 040 |
_aDO-SdBNP _bspa _cBNPHU |
||
| 082 |
_axxxx _bxxxx |
||
| 100 | 1 |
_aMorales Padrón, Francisco _915719 |
|
| 245 | 1 | 0 |
_aDiario de Don Francisco de Saavedra / _cFrancisco Morales Padrón. |
| 260 |
_aSevilla, : _bUniversidad de Sevilla _bSecretariado de publicaciones universidad de Sevilla _bCSIC, _c2004. |
||
| 300 |
_a361 p. : _bil. ; _c21 cm. |
||
| 500 | _aIncluye índices | ||
| 504 | _aIncluye referencias bibliográficas y notas al pie de las páginas | ||
| 999 |
_c40816 _d40816 |
||